<?xml version="1.0" encoding="UTF-8"?>
<marc:record xmlns:marc="http://www.loc.gov/MARC21/slim">
   <marc:leader>00000nam a2200000 a 4500</marc:leader>
   <marc:datafield ind1="1" ind2=" " tag="100">
      <marc:subfield code="a">Schmidt, Heike Eva</marc:subfield>
      <marc:subfield code="4">aut</marc:subfield>
      <marc:subfield code="e">Verfasser/-in</marc:subfield>
   </marc:datafield>
   <marc:datafield ind1=" " ind2=" " tag="653">
      <marc:subfield code="a">Antolin</marc:subfield>
   </marc:datafield>
   <marc:datafield ind1=" " ind2=" " tag="653">
      <marc:subfield code="a">Magie</marc:subfield>
   </marc:datafield>
   <marc:datafield ind1=" " ind2=" " tag="653">
      <marc:subfield code="a">Klasse-4</marc:subfield>
   </marc:datafield>
   <marc:datafield ind1="0" ind2="0" tag="245">
      <marc:subfield code="a">Der zauberhafte Eisladen - einmal Magie mit Schokosoße</marc:subfield>
   </marc:datafield>
   <marc:datafield ind1=" " ind2="1" tag="264">
      <marc:subfield code="b">Boje</marc:subfield>
      <marc:subfield code="c">2019</marc:subfield>
   </marc:datafield>
   <marc:datafield ind1="1" ind2=" " tag="490">
      <marc:subfield code="a">Der zauberhafte Eisladen</marc:subfield>
   </marc:datafield>
   <marc:datafield ind1="1" ind2=" " tag="520">
      <marc:subfield code="a">Bazilla wird 10 Jahre alt - und damit endlich ein richtiger Vampir! Ganz Burg Morchelfels feiert. Doch an ihrem Geburtstag erlebt Bazilla eine riesige Überraschung: Statt der heiß ersehnten Vampirzähne wachsen ihr plötzlich durchsichtige Flügel! Und so kommt heraus, dass sie eigentlich eine Fee ist. Schleimiger Krötzenrotz aber auch! Als wäre das nicht schon schrecklich genug, muss sie nun auch noch aufs Feen-Internat gehen. Die freche Bazilla unter rosa gekleideten Feenkindern - ob das gutgeht?</marc:subfield>
   </marc:datafield>
   <marc:datafield ind1=" " ind2=" " tag="020">
      <marc:subfield code="a">9783414825322</marc:subfield>
      <marc:subfield code="9">9783414825322</marc:subfield>
   </marc:datafield>
</marc:record>
